| 000 | 00701nam a22002297a 4500 | ||
|---|---|---|---|
| 999 |
_c14487 _d14487 |
||
| 003 | AR-CdUCM | ||
| 008 | 190423b ||||| |||| 00| 0 spa d | ||
| 020 | _a978-84-683-1154-8 | ||
| 040 |
_aMUNICIPALIDAD PROVINCIAL DEL CUSCO _cBIBLIOTECA MUNICIPAL DEL CUSCO |
||
| 041 | _hspa | ||
| 082 |
_aEP / 376.12 / _bC95 |
||
| 100 |
_aCurto, Rosa M. _924788 |
||
| 245 | _aCreaciones en papel / | ||
| 260 |
_aBarcelona : _bEdebé, _c2014. |
||
| 300 |
_a35 páginas ; _c24 cm. _bIlustraciones, Personas, cosas y animales. |
||
| 650 |
_aFiguras en papel _933293 |
||
| 650 |
_aPersonas _927293 |
||
| 650 |
_aAnimales _9917 |
||
| 700 |
_aHerrero, Pep _933294 |
||
| 942 |
_2ddc _cLIBROS |
||
| 945 |
_arah _d23/04/2019 |
||